| Tag |
First Indicator |
Second Indicator |
Subfields |
| LEADER |
00000cam a2200000 i 4500 |
| 001 |
in00000063702 |
| 005 |
20151008050643.0 |
| 008 |
751028s1973 maua 00010 eng d |
| 035 |
|
|
|a (OCoLC)01739811
|
| 035 |
|
|
|9 AAG2418AM
|
| 040 |
|
|
|a ABC
|c ABC
|d TXA
|d UtOrBLW
|
| 049 |
|
|
|a TXAM
|c [930602]
|
| 090 |
|
|
|a HD69.N4
|b M57
|
| 100 |
1 |
|
|a Montgomery, David B.
|q (David Bruce)
|
| 245 |
1 |
0 |
|a New product distribution :
|b an analysis of supermarket buyer decisions /
|c by David B. Montgomery.
|
| 264 |
|
1 |
|a Cambridge, Mass. :
|b Marketing Science Institute,
|c 1973.
|
| 300 |
|
|
|a 27 pages :
|b illustrations ;
|c 28 cm.
|
| 336 |
|
|
|a text
|b txt
|2 rdacontent
|
| 337 |
|
|
|a unmediated
|b n
|2 rdamedia
|
| 338 |
|
|
|a volume
|b nc
|2 rdacarrier
|
| 490 |
1 |
|
|a Marketing Science Institute. Research Program. Technical report
|
| 500 |
|
|
|a "P-63."
|
| 650 |
|
0 |
|a New products.
|
| 650 |
|
0 |
|a Supermarkets.
|
| 650 |
|
0 |
|a Consumers.
|
| 710 |
2 |
|
|a Marketing Science Institute.
|
| 830 |
|
0 |
|a Technical report (Marketing Science Institute. Research Program)
|
| 999 |
|
|
|a MARS
|
| 999 |
f |
f |
|s 4b222a19-d168-3dc6-8f97-34269bd26ff9
|i cf150205-68f4-367f-9464-6cc5d770ed40
|t 0
|
| 952 |
f |
f |
|p ric
|a Texas A&M University
|b Rellis Campus
|c Joint Library Facility
|d Remote Storage
|t 0
|e HD69.N4 M57
|h Library of Congress classification
|i unmediated -- volume
|m A14802637232
|
| 998 |
f |
f |
|a HD69.N4 M57
|t 0
|l Remote Storage
|